[Event "Grand Slam Final 4th"]
[Site "Sao Paulo/Bilbao"]
[Date "2011.09.27"]
[Round "2"]
[White "Carlsen, Magnus"]
[Black "Aronian, Levon"]
[Result "1/2-1/2"]
[WhiteElo "2823"]
[BlackElo "2807"]
[Annotator "Moradiabadi,Elshan"]
[PlyCount "111"]
[EventDate "2011.09.26"]
[EventType "tourn"]
[EventRounds "10"]
[EventCountry "BRA"]
[EventCategory "22"]
[SourceTitle "CBM 145"]
[Source "ChessBase"]
[SourceDate "2011.11.11"]
[SourceVersion "1"]
[SourceVersionDate "2011.11.11"]
[SourceQuality "1"]

{In this technical battle in one of the few 2800+ encounters... one can see many rich positional ideas. It is one of those few draws which I do not feel unhappy about commenting on!} 1. e4 e5 2. Nf3 Nc6 3. Bb5 a6 4. Ba4 Nf6 5. O-O Be7 {A Marshall?} 6. d3 {No! Carlsen has never been a fond of theoretical battles in the Ruy Lopez.} d6 7. c3 O-O 8. Nbd2 b5 9. Bc2 d5 10. Re1 dxe4 11. dxe4 {This position is familiar to Carlsen, as he faced it against Ivanchuk not long ago!} Be6 12. h3 {A very rare choice, which is not so surprising from Carlsen's point of view.} (12. Bb3 Bxb3 13. axb3 Qd3 14. b4 Rfd8 15. Qb3 Qd7 16. Qc2 Qe6 17. Qb3 Qd7 18. Qc2 Qe6 19. h3 a5 20. bxa5 Rxa5 21. Rxa5 Nxa5 22. b4 Nb7 23. Qb3 Qxb3 24. Nxb3 Nd7 25. Be3 Nd6 26. Nfd2 Ra8 27. Kf1 f6 28. Ke2 Kf7 29. Kd3 Ke6 30. f3 Ra2 31. Ra1 Rxa1 32. Nxa1 Nb7 33. Nab3 {1/2-1/2 (33) Ivanchuk,V (2776)-Carlsen,M (2815) Medias 2011}) ({RR} 12. Qe2 Qc8 13. Ng5 Bg4 14. Ngf3 Rb8 15. Nf1 h6 16. Ne3 Be6 17. a4 Rd8 18. axb5 axb5 19. h3 Bf8 20. g4 b4 21. Nf5 bxc3 22. bxc3 Bb3 23. Bxb3 Rxb3 24. Qc4 Qe6 25. Ra4 Rb1 26. Kg2 Rdb8 {Matinian,N (2407)-Smirnov,P (2545) chess.com INT 2023 0-1 (44)}) 12... Nd7 (12... h6 {Well Mr.Aronian, a very old game has been followed so far... Botvinnik played it!} 13. Nh2 Nh7 14. Ng4 Bg5 15. Qe2 Qd6 16. Ne3 Rfd8 17. Nf3 Bxe3 18. Qxe3 Qe7 {0-1 (60) Smyslov,V-Botvinnik,M Leningrad/Moscow 1941. White has a slight edge even though Smyslov threw the game away.}) 13. Nf1 Nc5 $146 (13... Nb6 {covering the d5-square is an alternative.} 14. Qe2 Qc8 15. Ne3 Rd8 16. Nh2 Bf8 17. Nf5 {is what I would personally not like to face in a practical game. Aronian's choice is ok, though it does have an obvious drawback: Black loses control over the d5-square.}) ({RR} 13... Nb6 14. b3 b4 15. Bd2 a5 16. Ne3 f6 17. Qe2 bxc3 18. Bxc3 Bb4 19. Red1 Qe7 20. Bb2 Rfd8 21. Nd5 Qf7 22. Rac1 Bd6 23. Bb1 Nb4 24. Nxb6 cxb6 25. a3 Na6 26. Rc6 Bc5 27. Rxd8+ Rxd8 28. Rxe6 {Horner,J (2360)-Kraidman,Y (2440) Manchester 1982 ½-½ (51)}) 14. Ne3 Qxd1 15. Rxd1 f6 16. Nd5 {There we are. As always, Carlsen has managed to get a slight but riskless edge.} Bd6 17. Be3 Nb7 18. b4 $5 {Fixing the target on b5 and creating a target!} Ne7 (18... a5 $6 {is premature as a result of} 19. a4 axb4 20. axb5 Bxd5 21. exd5 Rxa1 22. Rxa1 Ne7 23. cxb4 Bxb4 24. Bb3 Bd6 25. g4 $1 {after which White has a slight but long-lasting advantage is out of the question.}) 19. a4 c6 $6 {This is a serious inaccuracy which hands the initiative to White.} (19... Nxd5 20. exd5 Bf7 $1 {keeping the pawn on d5 under attack, gives Black adequate play.} 21. axb5 axb5 22. Bd3 Bxd5 23. Bxb5 Rxa1 24. Rxa1 c5 {is very close to a draw.}) 20. Nb6 {Carlsen grabs the initiative.} Rab8 21. Nd2 (21. Nh4 $5 g6 (21... Rfd8 22. Nf5 Nxf5 23. exf5 Bf7 24. axb5 axb5 25. Ra7 {is clearly better for White.}) 22. axb5 axb5 23. Ra7 Rfd8 24. Nf3 Kf8 {and White keeps the pressure.}) (21. axb5 axb5 22. Ra7 Rfd8 23. Ne1 {is another alternative, though I cannot say how either side would improve its position.}) 21... c5 22. axb5 axb5 23. c4 $5 {Carlsen tries to complicate things.} cxb4 $6 (23... Nc8 24. Nd5 cxb4 25. cxb5 Bxd5 26. exd5 {does not solve Black's problem.}) 24. cxb5 Bc5 25. Bb3 Bxb3 26. Nxb3 Bxe3 27. fxe3 Na5 28. Rxa5 Rxb6 29. Rd7 Nc8 30. Nc5 h5 {This move will become valuable in the more or less forced resulting rook ending.} 31. Rd3 Re8 32. Na4 Rb8 33. Rb3 {Carlsen wins a pawn but Dr. Tarrasch believes that all rook endings are drawn!} Nb6 34. Rxb4 Rec8 35. Nxb6 Rxb6 36. Ra6 Rc1+ 37. Kf2 Rc2+ 38. Kg3 Rxa6 39. bxa6 Ra2 $1 {The rooks have to be behind the pawns, whether ours or our enemy's!} 40. Rb6 Kf7 41. Rb7+ Kg6 42. a7 {Now we are in Dr. Müller's territory. White needs to bring his king to the queenside. Black's rook is well placed and thanks to White's weakened pawn chain he can create some counterplay on the kingside which may enable his king to become active.} Kh6 43. Kh2 g6 $1 (43... h4 $2 44. Kg1 g6 45. Kf1 f5 46. Ke1 Kg5 47. Rf7 (47. Kd1 f4 $11 {gives Black enough play to make a draw.}) 47... fxe4 48. Kd1 Kh5 49. Kc1 g5 50. Kb1 {is winning for White. Therefore Black has to be on time with his king and to activate it in the least amount of time.}) 44. Kg1 Kg5 $1 {Aronian uses the h4-square for his king.} 45. Rh7 (45. Rf7 f5 46. Kf1 fxe4 47. g3 h4 48. g4 Kh6 49. Ke1 g5 50. Kd1 Kg6 {just in time!} 51. Rb7 Kf6 52. Kc1 Ke6 53. Kb1 Ra5 54. Kb2 Kd6 55. Kb3 (55. Kc3 Kc6 56. Re7 Ra1 57. Rxe5 Rxa7 58. Rxg5 Rd7 {Is a draw}) 55... Kc6 56. Re7 (56. Kb4 Ra2 57. Rg7 Ra1 (57... Ra6 {is also possible!} 58. Rg6+ Kd5 59. Rxa6) 58. Rxg5 Rxa7 59. Rxe5 Ra2 60. Rh5 Re2 61. Kc4 Rxe3 62. Rh6+ Kd7 63. Rxh4 Ra3 {and Black manages to make a draw thanks to White's badly placed rook on h4.}) 56... Kb6 57. Kc3 Kc6 58. Rxe5 Rxa7 59. Rxg5 Rd7 {transposes. Obviously there are still a lot moves to analyse in this position but I hardly believe that White has many ways to improve his position.}) 45... f5 46. g3 {Equivalent to a draw offer.} (46. Rf7 fxe4 47. Kh2 h4 48. Kg1 Kh6 49. Kf1 g5 50. Ke1 Kg6 51. Rc7 Kf6 52. Kd1 Ke6 53. Kc1 Kd6 54. Rg7 Kc6 55. Kb1 Ra5 56. Kb2 Kb6 57. Kb3 Rb5+ 58. Kc2 Rc5+ 59. Kd2 Ra5 60. Ke2 Ra2+ 61. Kf1 Ra1+ 62. Kf2 Ra2+ 63. Kg1 Ra1+ 64. Kh2 Kc5 65. Rxg5 Kc4 $1 {Thanks to his active king Black is in the safe zone.}) 46... Kf6 47. Kf1 fxe4 48. Ke1 Ke6 49. Rg7 Kd5 50. g4 hxg4 51. hxg4 Kc4 52. Rd7 g5 53. Kd1 Kc3 54. Ke1 Kc4 55. Kd1 Kc3 56. Ke1 1/2-1/2

[Event "Grand Slam Final 4th"]
[Site "Sao Paulo/Bilbao"]
[Date "2011.10.01"]
[Round "5"]
[White "Ivanchuk, Vassily"]
[Black "Carlsen, Magnus"]
[Result "0-1"]
[WhiteElo "2765"]
[BlackElo "2823"]
[Annotator "ChessBase"]
[PlyCount "90"]
[EventDate "2011.09.26"]
[EventType "tourn"]
[EventRounds "10"]
[EventCountry "BRA"]
[EventCategory "22"]
[SourceTitle "CBM 145"]
[Source "ChessBase"]
[SourceDate "2011.11.11"]
[SourceVersion "1"]
[SourceVersionDate "2011.11.11"]
[SourceQuality "1"]

1. e4 e6 2. d4 d5 3. Nc3 Nf6 4. e5 Nfd7 5. f4 c5 6. Nf3 Nc6 7. Be3 Be7 8. a3 O-O 9. Qd2 b6 ({RR} 9... a6 10. dxc5 Nxc5 11. Rd1 b5 12. b4 Nd7 13. Bd3 Bb7 14. O-O a5 15. Nxb5 axb4 16. axb4 Nxb4 17. Be2 Qa5 18. c3 Nc6 19. c4 Qxd2 20. Rxd2 Bb4 21. Rb2 dxc4 22. Bxc4 Bc5 23. Bxc5 Nxc5 24. Rc1 {Fedoseev,V (2691)-Erigaisi,A (2712) Douglas IOM 2023 ½-½ (45)}) ({RR} 9... a6 10. dxc5 Bxc5 11. Bxc5 Nxc5 12. b4 Nd7 13. Bd3 f6 14. exf6 Qxf6 15. g3 b6 16. O-O Bb7 17. Rae1 g6 18. Ne2 Rae8 19. c3 e5 20. Bc2 d4 21. cxd4 exf4 22. Nxf4 Kh8 23. Nxg6+ Kg7 24. Nxf8 {Piliposyan,R (2415)-Jval Saurin Patel (2330) Abu Dhabi UAE 2025 1-0}) 10. g3 (10. Bd3 f6 11. exf6 Nxf6 12. Bb5 Qc7 13. Bxc6 Qxc6 14. Ne5 Qe8 15. Qe2 Nd7 16. Nxd7 Bxd7 17. O-O Qg6 18. a4 c4 19. Rf3 a6 20. a5 b5 21. Nd1 b4 22. Nf2 Bb5 23. Rg3 Qf5 24. Qg4 Rf7 25. Qd1 c3 26. Ng4 Kh8 27. Ne5 Rff8 28. b3 Bf6 29. Ng4 Be8 30. Nxf6 gxf6 31. Qg4 Bg6 32. Qxf5 Bxf5 33. Ra2 h5 34. Bf2 Kh7 35. Re3 Rf7 36. Bh4 Rg8 37. g3 Be4 38. Re2 Kg6 39. Ra4 Rb7 40. h3 Re8 41. Ra1 e5 42. fxe5 fxe5 43. dxe5 Rxe5 44. Rf1 Rf5 45. Rxf5 Bxf5 46. Bd8 d4 47. g4 hxg4 48. hxg4 Bxc2 49. Rxc2 d3 {0-1 (49) Macieja,B (2470)-Morozevich,A (2590)/St Petersburg 1997/CBM 062}) 10... Kh8 $146 ({RR} 10... Bb7 11. h4 f6 12. exf6 Bxf6 13. O-O-O Re8 14. Bb5 Rc8 15. g4 Na5 16. g5 Be7 17. Rhe1 a6 18. Bf1 b5 19. dxc5 Nxc5 20. Kb1 Qc7 21. Ne5 Bd6 22. Bd4 Nc4 23. Bxc4 bxc4 24. h5 Nd7 25. h6 {Ismagambetov,A (2508)-Kostenko,P (2507) Astana 2014 1-0 (38)}) ({RR} 10... Bb7 11. h4 a6 12. Bh3 b5 13. O-O cxd4 14. Nxd4 Nxd4 15. Bxd4 Bc5 16. Ne2 Bxd4+ 17. Nxd4 Nc5 18. f5 Ne4 19. Qf4 Qb6 20. Rad1 exf5 21. Bxf5 Rae8 22. Kh2 g6 23. Bh3 Bc8 24. Bxc8 Rxc8 25. c3 {Nomin Erdene,D (2424)-Antic,D (2487) Heviz 2015 ½-½ (31)}) 11. h4 f6 12. exf6 Nxf6 13. Bh3 Bd7 14. Rd1 cxd4 15. Nxd4 e5 16. Nxc6 Bxc6 17. fxe5 d4 18. exf6 Bxf6 19. O-O dxc3 20. Qxd8 Raxd8 21. Rxd8 Rxd8 22. b3 {From here on the Norwegian GM proceeds to outplay the tournament leader in this double-bishops ending. Typical Carlsen.} Re8 23. Bf2 Be4 24. Re1 Re7 25. Rc1 h5 26. Bg2 Bf5 27. Bf3 g6 28. a4 Kh7 29. b4 g5 30. a5 g4 31. axb6 axb6 32. Bc6 Re2 33. Bxb6 Be5 34. b5 Kg7 35. Ba5 Rxc2 36. Rxc2 Bxc2 37. Kf2 $2 (37. b6 {would have probably held the position.}) 37... Bd3 38. Ke3 Bg6 39. Be4 $2 ({Once again White could have tried to defend with} 39. b6) 39... c2 40. Bd2 Bxg3 41. Bxg6 Kxg6 42. Kd3 Bf2 43. Kxc2 g3 44. Bf4 g2 45. Bh2 Kf5 {Nicely played by the amazing Magnus. A game to study.} 0-1

[Event "Moscow Tal Memorial 6th"]
[Site "Moscow"]
[Date "2011.11.24"]
[Round "8"]
[White "Carlsen, Magnus"]
[Black "Nepomniachtchi, Ian"]
[Result "1/2-1/2"]
[WhiteElo "2826"]
[BlackElo "2730"]
[Annotator "RR"]
[PlyCount "80"]
[EventDate "2011.11.16"]
[EventType "tourn"]
[EventRounds "9"]
[EventCountry "RUS"]
[EventCategory "22"]
[SourceTitle "CBM 146"]
[Source "ChessBase"]
[SourceDate "2012.01.18"]
[SourceVersion "1"]
[SourceVersionDate "2012.01.18"]
[SourceQuality "1"]

1. e4 c5 2. Nf3 d6 3. Bb5+ Bd7 4. Bxd7+ Qxd7 5. c4 Nc6 6. d4 cxd4 7. Nxd4 g6 8. Nc3 Bg7 9. Be3 Nf6 10. h3 O-O 11. O-O a6 12. a4 Rfc8 13. b3 e6 14. Rc1 d5 $146 ({RR} 14... Nb4 15. Qd2 Qe8 16. Rfd1 Nd7 17. Nce2 Nc6 18. Nxc6 Rxc6 19. Bd4 Qf8 20. Bxg7 Qxg7 21. Nd4 Rcc8 22. Nf3 Nc5 23. Qe3 Qb2 24. Rb1 Qc2 25. e5 dxe5 26. Nxe5 b6 27. b4 Nxa4 28. Rdc1 Qf5 29. g4 {Havasi,G (2393)-Li,B (2383) Budapest 2017 1-0 (58)}) 15. Nxc6 bxc6 16. e5 Ne8 17. f4 a5 18. Ne4 Bf8 19. Rf3 Qd8 20. Nc5 Rcb8 21. Bf2 Nc7 22. Qe2 Rb4 23. Kh2 Be7 24. Rc2 Qf8 25. Nd7 Qd8 26. Nc5 Qf8 27. cxd5 Nxd5 28. g3 Qc8 29. Be1 Rb6 30. Rc4 Rab8 31. Qd1 Bxc5 32. Rxc5 Qf8 33. Qc2 Nb4 34. Bxb4 Rxb4 35. Rxa5 Qd8 36. Rc5 Rxb3 $1 (36... Rd4 $2) 37. Rxb3 Rxb3 38. Qxb3 Qd2+ 39. Kh1 Qe1+ 40. Kg2 Qe2+ 1/2-1/2

[Event "London Classic 3rd"]
[Site "London"]
[Date "2011.12.03"]
[Round "1"]
[White "Carlsen, Magnus"]
[Black "Howell, David"]
[Result "1-0"]
[WhiteElo "2826"]
[BlackElo "2633"]
[Annotator "RR"]
[PlyCount "79"]
[EventDate "2011.12.03"]
[EventType "tourn"]
[EventRounds "9"]
[EventCountry "ENG"]
[EventCategory "20"]
[SourceTitle "CBM 146"]
[Source "ChessBase"]
[SourceDate "2012.01.18"]
[SourceVersion "1"]
[SourceVersionDate "2012.01.18"]
[SourceQuality "1"]

1. e4 {Szabo,Krisztian} e5 2. Nf3 Nc6 3. Bb5 Nf6 4. d3 Bc5 5. c3 O-O 6. O-O Re8 7. Bg5 ({RR} 7. Nbd2) 7... h6 8. Bh4 Bf8 ({RR} 8... Be7 9. Bg3 d6 10. h3 Bd7 11. Nbd2 Nh5 12. Bh2 Bg5 13. Nxg5 Qxg5 14. Nf3 Qf6 15. Re1 a6 16. Bc4 Nf4 17. d4 Rad8 18. Bxf4 Qxf4 19. Qc1 Qf6 20. Qe3 Ne7 21. Bf1 Ng6 22. Kh2 exd4 23. cxd4 {Erigaisi,A (2782)-Abdusattorov,N (2767) Tashkent UZB 2025 ½-½ (60)}) 9. Nbd2 d6 10. d4 $146 ({RR} 10. Re1 Bd7 11. Ba4 ({RR} 11. Ba4 Be7 12. Nf1 Nh7 13. Bxe7 Nxe7 14. Bb3 Ng6 15. Ng3 Ng5 16. Nf5 Qf6) 11... g6 12. d4 Bg7 13. d5 Ne7 14. c4 a5 15. Bc2 Nh5 16. Nf1 Rf8 17. Ne3 Qe8 18. c5 g5 19. cxd6 cxd6 20. Bg3 f5 21. exf5 Qf7 22. Nd2 Nf4 23. Rc1 Nxf5 24. Nxf5 Bxf5 {Hernandez Guerrero,G (2517)-Daniel,J (2394) Arica 2015 1-0 (48)}) ({RR} 10. Re1 Bd7 11. a4 g6 12. Nf1 Bg7 13. Ne3 Qc8 14. a5 a6 15. Bc4 Nd8 16. b4 Ne6 17. Qb3 Bb5 18. Bxf6 ({RR} 18. Bxb5 axb5 19. h3 Nh5) 18... Bxf6 19. g3 Bxc4 20. Qxc4 Qd7 21. d4 ({RR} 21. h4 c6) 21... exd4 22. cxd4 Qb5 23. Rac1 Bg7 ({RR} 23... c5 24. e5) ({RR} 23... Qxc4 24. Rxc4 Bd8) 24. h4 ({RR} 24. d5 Qxc4 25. Rxc4 Ng5 26. Nxg5 hxg5 27. Rxc7 Rxe4 28. Rxb7 Bc3 29. Rb1) ({RR} 24. Qxb5 axb5 25. d5 Ng5 26. Nxg5 hxg5 27. Rxc7 Rxe4 28. Nc2) 24... c5 {Topalov,V (2772)-Aronian,L (2815) Stavanger 2014 CBM 161 [Szabo,Krisztian] ½-½ (41)}) 10... exd4 11. Nxd4 ({RR} 11. cxd4 g5) 11... Bd7 12. Nxc6 bxc6 13. Bd3 Be7 14. f4 Qb8 15. Bxf6 Bxf6 16. e5 dxe5 17. Ne4 Qxb2 18. f5 Red8 19. Bc4 Be8 20. Qh5 Rd6 21. Rab1 Qc2 22. Qg4 Kf8 23. h3 Rad8 24. Kh2 Qa4 25. Rb4 Qa3 26. Rb7 R6d7 27. Qf3 Qa4 28. Qe2 Re7 $2 (28... Qa5 29. Qh5 Rd6 $11) 29. Nxf6 $18 gxf6 30. Qe3 Red7 31. Qc5+ Rd6 32. Rxc7 Qc2 {[%tqu "En","","","","c7c8","",10]} 33. Rc8 $3 R8d7 34. Be6 $1 Ke7 35. Bxd7 Bxd7 36. Rh8 Qd3 37. Rf3 Qd5 38. Qxa7 e4 39. Qb8 $6 (39. Rf1 Qe5+ 40. Kh1 $18) 39... Qe5+ $16 40. Rg3 1-0

[Event "London Classic 3rd"]
[Site "London"]
[Date "2011.12.04"]
[Round "2"]
[White "McShane, Luke J"]
[Black "Carlsen, Magnus"]
[Result "1/2-1/2"]
[WhiteElo "2671"]
[BlackElo "2826"]
[Annotator "Saunders,John C"]
[PlyCount "166"]
[EventDate "2011.12.03"]
[EventType "tourn"]
[EventRounds "9"]
[EventCountry "ENG"]
[EventCategory "20"]
[SourceTitle "CBM 146"]
[Source "ChessBase"]
[SourceDate "2012.01.18"]
[SourceVersion "1"]
[SourceVersionDate "2012.01.18"]
[SourceQuality "1"]

1. e4 e5 2. Nf3 Nc6 3. Bb5 a6 4. Ba4 Nf6 5. O-O b5 6. Bb3 Bc5 7. c3 d6 8. a4 Rb8 9. d4 Bb6 10. axb5 axb5 11. Qd3 {This line for Black is unappealing for the materialists amongst us as in involves giving up the b-pawn.} O-O 12. Bg5 h6 13. Bxf6 ({RR} 13. Bh4 exd4 14. cxd4 g5 15. Bg3 Nh5 16. Kh1 Kg7 17. Nc3 f5 18. exf5 Bxf5 19. Qxb5 Nxd4 20. Nxd4 Bxd4 21. Qc4 c5 22. Nb5 Nxg3+ 23. fxg3 Be5 24. Qe2 Bg6 25. Bc4 Rxf1+ 26. Rxf1 Qd7 27. Nc3 Rf8 {Liang,A (2587)-Aronian,L (2782) chess24.com INT 2021 0-1 (48)}) 13... Qxf6 14. Qxb5 Na7 {And it involves putting the knight on what looks like a revolting square. It reminds me of Muhammed Ali and his 'rope-a-dope' tactics. We know the guy is good at what he does but the tactic doesn't look too smart for all that.} ({RR} 14... Ne7 15. dxe5 Qf4 16. Qe2 dxe5 17. Nbd2 Ng6 18. g3 Qg4 19. Kh1 Qh5 20. Ng1 Qxe2 21. Nxe2 Bh3 22. Rfb1 Bxf2 23. Bc4 Rfd8 24. Nf3 Rd6 25. b3 Rbd8 26. Neg1 Be6 27. Bxe6 Rxe6 28. Rd1 Red6 29. Rxd6 {Roux,B (2353)-Flear,G (2393) Lyon FRA 2024 ½-½ (51)}) 15. Qa4 Qg6 $146 ({RR} 15... exd4 16. cxd4 c6 17. Nbd2 Nb5 18. e5 Qf4 19. d5 Nd4 20. exd6 cxd5 21. d7 Bb7 22. Nxd4 Qxd2 23. Nf5 Qxb2 24. Ne7+ Kh8 25. Bxd5 Ra8 26. Qd1 Bxd5 27. Rb1 Qe5 28. Nxd5 Bc5 29. Nb4 Qe6 30. Re1 {Filipenko,A (2351)-Nozdrachev,V (2463) Moscow 2012 1-0 (36)}) ({RR} 15... g5 16. Nbd2 g4 17. dxe5 dxe5 18. Ne1 Nc6 19. Bd5 Ne7 20. Nc4 c6 21. Nxb6 Rxb6 22. Bc4 Rxb2 23. Nd3 Rd2 24. Ra2 Rxa2 25. Qxa2 Ng6 26. f3 gxf3 27. Rxf3 Qe7 28. Qf2 Kg7 29. Nb4 Bd7 30. Qa7 {Negi,P (2538)-Lagno,K (2459) New Delhi 2006 ½-½ (56)}) 16. Re1 Bh3 17. g3 Qf6 18. Nbd2 {Black has succeeded in weakening some squares around the kingside and he has the two bishops. But give me Luke's extra pawn any day.} Rbd8 19. Qc4 g5 20. Qd3 Bg4 21. Nc4 Nc6 {[diag]} 22. Nxb6 ({If you downloaded the game within 12 hours of the game being played, you might find your copy of the game score says} 22. Re3 {here. It's wrong, so please amend to what you see here. Some gremlin crept into our broadcasting system yesterday and garbled the score. It was only when I looked at the score critically today, with my favourite engine, switched on that the error made itself apparent. I checked with the arbiters and they told me the score was as given in the text.}) 22... cxb6 23. Re3 {Magnus is doing his best to probe various weaknesses in Luke's position but he's not really getting anywhere. A pawn is still a pawn and Luke is better.} Kg7 24. Kg2 h5 25. h3 Bd7 26. Ba4 Ra8 27. Bxc6 Bxc6 28. Rxa8 Rxa8 29. Qc4 Rc8 30. Qa6 Rb8 31. d5 Bd7 32. h4 {Luke can't stop the black pawn coming to g4 but he doesn't want to have to exchange the h-pawn when it arrives and risk opening the h-file.} g4 33. Nd2 Qd8 34. Qa3 Qc7 35. Re1 b5 36. Ra1 b4 {Magnus is getting desperate and trying to bluff his opponent.} 37. cxb4 Bb5 38. Qe3 f6 39. Qc3 (39. Ra7 Rb7 40. Rxb7 Qxb7 41. Qc3 {is possible but there are vague chances of Black coming round the back of the white position with his queen and perhaps establishing the bishop on f3.}) 39... Qb7 40. b3 Kg6 41. Rc1 Qb6 42. Kg1 Be2 43. Qc6 Qd8 ({Not falling for the devilish trap:} 43... Qxb4 $4 44. Qd7 $1 {when} Qxd2 {loses to} 45. Qf5+ Kh6 46. Qxf6+ Kh7 {and now the white rook enters the game with check:} 47. Rc7+ {and it's all over.}) 44. Nc4 Rxb4 45. Nxd6 Rb6 46. Qc2 Qxd6 47. Qxe2 Rxb3 48. Rd1 {The black queen cannot move or the d-pawn would advance.} Rb4 49. Qc2 Rb8 50. Qc3 Ra8 51. Qc6 Rd8 (51... Qxc6 52. dxc6 Rc8 53. Rc1 Kf7 54. f3 {and White can soon engineer a passed pawn on the other flank.}) 52. Rb1 Qd7 53. Kg2 Qd6 54. Rb3 Qd7 55. Rb1 {White gains time with repetitions.} Qd6 56. Rb3 Qd7 57. Qa6 ({Luke hesitates but in truth it is very, very hard to come up with anything concrete here and actually very easy for White to mess it up, e.g.} 57. Rb6 $6 Qxc6 58. dxc6 (58. Rxc6 Ra8 {and the rook can menace the e-pawn and police the advance of the d-pawn from d4}) 58... Rd1 {and Black can mount an ideal defence, cutting off the king and preparing to play Rc1 and keep tabs on the c-pawn.}) 57... Qc8 58. Qd3 Qc5 59. Rc3 Qb4 60. Rc4 {[diag] Time control reached but this is probably an error.} Qe1 $1 {With seconds left on his clock, Magnus follows his instincts. He cuts off his opponent's king and prepares to invade with his rook via the a- or b-files.} 61. Qc3 Qxc3 62. Rxc3 Ra8 {Again, Magnus is contemplating active defence behind the d-pawn, and also threatening the e-pawn from the flank.} 63. Rd3 Kf7 64. f3 ({What to do? If} 64. Kf1 {Magnus replies} Ra2 {to keep the king cut off}) ({if} 64. Rd2 {, Magnus can play} Ra3 {to stop f2-f3 and also keep the king at bay. Meanwhile the black king is near enough to stop the advance of the d-pawn.}) 64... Ra2+ 65. Kf1 Ra1+ 66. Kf2 Ra2+ 67. Kf1 (67. Ke3 Rg2 {also leads nowhere.}) 67... Ra1+ 68. Ke2 Ra2+ 69. Rd2 gxf3+ 70. Ke1 Ra4 71. d6 Rxe4+ 72. Kf2 {[diag]} Ke8 ({Is Luke in danger of losing? No. Magnus doesn't fall for} 72... Re2+ $4 73. Rxe2 fxe2 {which looks like a Black win until White bangs down} 74. g4 $3 {and White wins after all with two passed pawns. The black king cannot intercept them both.}) 73. Kxf3 Ra4 74. d7+ Kd8 75. Rd6 {"Oh no!" IM Lawrence Trent in the commentary room couldn't disguise his partisan sympathies and kept chanting this like the chorus of a Greek tragedy. In truth it's a dead draw and the players could stop now.} f5 76. Re6 Ra3+ 77. Kf2 e4 78. Rd6 Rf3+ 79. Kg2 f4 80. gxf4 Rxf4 81. Kg3 Rf3+ 82. Kg2 Rf4 83. Kg3 Rf3+ 1/2-1/2